|
|
|
|
| LEADER |
00000nas a2200000 4500 |
| 001 |
ssj0030999 |
| 003 |
WaSeSS |
| 005 |
20200512172242.0 |
| 006 |
m d |
| 007 |
cr n |
| 008 |
751101d19671981njumr p s 0 a0eng |
| 010 |
|
|
|a 76646691
|
| 016 |
7 |
|
|a 0141401
|2 DNLM
|
| 016 |
7 |
|
|a J36080000
|2 DNLM
|
| 016 |
7 |
|
|a 010491755
|2 Uk
|
| 022 |
|
|
|l 0360-5973
|y 0360-5973
|
| 030 |
|
|
|a JPNSDM
|
| 030 |
|
|
|a JPNMB2
|
| 032 |
|
|
|a 566290
|b USPS
|
| 035 |
|
|
|a (WaSeSS)ssj0030999
|
| 037 |
|
|
|b Charles B. Slack, 6900 Grove Rd., 08086
|
| 040 |
|
|
|a DLC
|b eng
|c MUL
|d NSD
|d DLC
|d NSD
|d DLC
|d VRC
|d NSD
|d NST
|d DLC
|d NST
|d RCS
|d AIP
|d NSD
|d NST
|d OCL
|d NSD
|d NLM
|d OCLCQ
|d LVB
|d OCLCQ
|d UKMGB
|d OCLCO
|d OCLCF
|d OCLCQ
|d OCLCO
|d OCLCA
|d AU@
|d OCLCA
|d WaSeSS
|
| 042 |
|
|
|a nsdp
|a pcc
|
| 050 |
0 |
0 |
|a RC440
|b .J65
|
| 060 |
0 |
0 |
|a W1
|b JO853I
|
| 082 |
0 |
4 |
|a 610.73/68/05
|
| 210 |
0 |
|
|a J. psychiatr. nurs. ment. health serv.
|
| 222 |
|
0 |
|a Journal of psychiatric nursing and mental health services
|
| 245 |
0 |
0 |
|a Journal of psychiatric nursing and mental health services
|h [electronic resource].
|
| 260 |
|
|
|a [Thorofare, N.J., etc.],
|b [Charles B. Slack, etc.]
|
| 310 |
|
|
|a Monthly,
|b <May 1976->
|
| 321 |
|
|
|a Bimonthly,
|b 1967-
|
| 362 |
0 |
|
|a v. 5-19, no. 7; Jan./Feb. 1967-July 1981.
|
| 506 |
|
|
|a License restrictions may limit access.
|
| 650 |
|
0 |
|a Psychiatric nursing
|v Periodicals.
|
| 650 |
|
0 |
|a Mental health services
|v Periodicals.
|
| 650 |
|
6 |
|a Soins infirmiers en psychiatrie
|v Périodiques.
|
| 650 |
|
6 |
|a Santé mentale, Services de
|v Périodiques.
|
| 650 |
|
7 |
|a Mental health services.
|2 fast
|0 (OCoLC)fst01016498
|
| 650 |
|
7 |
|a Psychiatric nursing.
|2 fast
|0 (OCoLC)fst01081110
|
| 650 |
|
2 |
|a Mental Health Services.
|
| 650 |
|
2 |
|a Psychiatric Nursing.
|
| 655 |
|
0 |
|a Electronic journals.
|
| 780 |
0 |
0 |
|t Journal of psychiatric nursing
|x 0277-2973
|w (OCoLC)1783127
|
| 785 |
0 |
0 |
|t Journal of psychosocial nursing and mental health services
|x 0279-3695
|g Aug. 1981
|w (OCoLC)7816794
|
| 850 |
|
|
|a AU
|a CSt-L
|a CU-SM
|a CaAEU
|a CaMWU
|a CaOPAL
|a CaQMU
|a DLC
|a FMU
|a GU
|a IEN-M
|a KyU-M
|a MBCo
|a MiU
|a MoU
|a NNStJ
|a NSyU
|a NbU-M
|a NhD-D
|a NhU
|a OU
|a ScU
|a TNJ-M
|a TU-M
|a TxU
|a ULA
|a Wa
|
| 856 |
4 |
0 |
|z Full text available from Research Library: 01/01/1977 to 07/31/1981
|u https://search.proquest.com/publication/35532
|